01358nam a2200313 a 4500001001000000003000500010005001700015008004100032010001100073011001100084040000900095090001000104100004400114245022500158260004100383500006000424502010400484590004100588590004000629590004000669650004300709650004900752856007000801901000700871942001000878942000600888999001900894952013100913000115645CHAP20220329144543.0190618s2018 mx a |sm |||||||spa d a112106 a113078 cCHAP aTesis1 aLópez Córdova, Edna Andrea.913615510aGobernanza ambiental en la reserva de la biósfera Zicuirán-Infiernillo:h[En línea]bparticipación social en la gestión del territorio, Municipio de la Huacana, Michoacán /cpor Edna Andrea López Córdova. aChapingo, Méx. :bEl autor,c2018. aPara ver el contenido del material haga clic en la liga aTesis (M.C. en Desarrollo Rural Regional) -- UACH. Dirección de Centros Regionales Universitarios aBATCH-UPDb05c20190618lUCH01h1129 aE6339RRRb05c20190618lUCH01h1128 aE6339RRRb05c20190618lUCH01h112814aMedio ambientexConservación.97406814aRecursos naturalesxAdministración.995175 aFinding aiduhttp://10.13.5.2/tesis/sist115645.pdfzTeclea aquí aBK cTESIS n0 c112106d112106 00104054718TESISaBCbBCd2019-06-18fTESISl0oTesisp115654-10r2019-12-31 00:00:00w2019-12-31yTESISzRecien adquirido